| 000 | 00463nam a2200145 a 4500 | ||
|---|---|---|---|
| 001 | 5360 | ||
| 003 | CDMR | ||
| 005 | 20130618121242.0 | ||
| 008 | 130130s2002||||||||||||||||||||||||||||d | ||
| 040 |
_aCDMR _bcat _cCPC GIRONA |
||
| 111 | 2 |
_91910 _aCongrés de Ràdio Municipal _n2n |
|
| 245 | 0 |
_aNous reptes de la ràdio de proximitat _b: II Congrés de ràdio municipal |
|
| 260 |
_c2002 _bFederació d'Organismes i Entitats de Ràdio Local de Catalunya |
||
| 942 |
_cMON _2udc |
||
| 999 |
_c5360 _d5360 |
||